000 00521nam a2200157 i 4500
001 83144
003 ES-MaACL
005 20230906174802.0
007 t|
008 041115s1983 sp ||||1| spa d
245 0 0 _aNúmeros índices de precios industriales
_b: base 100 en 1974 : monografía técnica /
_cInstituto Nacional de Estadística.
260 _aMadrid :
_b[s.n.],
_c1983.
300 _a233 p. ;
_c29 cm.
710 2 _aInstituto Nacional de Estadística (España)
_95162
852 _aES-MaACL
_jL-7244
_bR.107690
999 _c83144
_d83144